|
|
|
|
| LEADER |
00000nam a2200000Ii 4500 |
| 001 |
DIGUAOCCTE0102 |
| 003 |
NyNyDIG |
| 006 |
m o d |
| 007 |
cr ||||||||||| |
| 008 |
240915s2016 ck ob 000 0 spa d |
| 035 |
|
|
|a (OCoLC)1456948332
|
| 040 |
|
|
|a DGITA
|b eng
|e rda
|e pn
|c DGITA
|
| 043 |
|
|
|a s-ck---
|
| 050 |
1 |
4 |
|a P302 ebook
|
| 100 |
1 |
|
|a Cabra, Alejandro,
|e author.
|
| 245 |
1 |
0 |
|a Reflexiones de comunicación, conflicto y posconflicto en torno al proceso de paz en la Habana /
|c orientador, Germán Ayala ; autores, Alejandro Cabra, María Alejandra Fierro.
|
| 250 |
|
|
|a Primera edición.
|
| 264 |
|
1 |
|a Santiago de Cali :
|b Universidad Autónoma de Occidente,
|c 2016.
|
| 300 |
|
|
|a 1 online resource.
|
| 336 |
|
|
|a text
|b txt
|2 rdacontent
|
| 337 |
|
|
|a computer
|b c
|2 rdamedia
|
| 338 |
|
|
|a online resource
|b cr
|2 rdacarrier
|
| 347 |
|
|
|a text file
|2 rdaft
|
| 347 |
|
|
|b PDF
|
| 490 |
1 |
|
|a Pre-Textos,
|x 2011-7795
|
| 504 |
|
|
|a Includes bibliographical references.
|
| 588 |
0 |
|
|a Online resource; title from PDF title page (Digitalia, viewed September 15, 2024)
|
| 650 |
|
0 |
|a Discourse analysis.
|
| 650 |
|
0 |
|a Political violence
|z Colombia.
|
| 650 |
|
0 |
|a Civil war
|z Colombia.
|
| 700 |
1 |
|
|a Ayala Osorio, Germán,
|e editor.
|
| 700 |
1 |
|
|a Fierro, María Alejandra,
|e author.
|
| 791 |
2 |
|
|a Digitalia (Firm),
|e distributor.
|
| 793 |
0 |
|
|g Digitalia eBook Collection:
|a Universidad Autónoma de Occidente
|
| 830 |
|
0 |
|a Pre-Textos (Universidad Autónoma de Occidente (Cali, Colombia))
|
| 856 |
4 |
0 |
|3 Digitalia Hispánica
|u https://www.digitaliapublishing.com/a/50971/
|
| 910 |
|
|
|a Premium collection: 2024
|